000 00751nam a2200265Ia 4500
003 OSt
005 20221006142007.0
006 a|||||r|||| 00| 0
007 ta
008 221006b |||||||| |||| 00| 0 jpn d
020 _c¥4200
024 _a4,892
037 _bGift, Japan Foundation
_cTextual
040 _aEASL
_cEASL
_bjpn
041 _2jpn
_ajpn
082 _aX:322-326.42.N7, L9
100 _aNAKAMURA Masanori
_9643273
245 0 _aKindai nihon jinushi seishi kenkyu
260 _aTokyo
_bTokyo Daigaku Shuppankai Japan
_c1979
300 _a441p.
_ccm.
490 _v JL
650 _aJL
942 _hX:322-326.42.N7, L9
_cTEXL
_2CC
999 _c1072978
_d1072978